| 000 | 00359nam a2200133Ia 4500 | ||
|---|---|---|---|
| 008 | 150202s9999 xx 000 0 und d | ||
| 020 | _a373078218 | ||
| 050 |
_aFIC _bFIC |
||
| 100 | _aLeann, Harris. | ||
| 245 |
_aTemporary marriage / _cHarris Lean. |
||
| 260 |
_aNew York : _bSilhouette Books, _c1997. |
||
| 300 |
_a248 pages : _c18 cm. |
||
| 650 | _aFiction. | ||
| 999 |
_c282082 _d282082 |
||